Statistieken voor Staten van de VS met een Unieke Beginletter

Klik hier om de quiz te nemen!

Algemene statistieken

  • Deze quiz is 124 keer genomen
  • De gemiddelde score is 5 van 8

Antwoordstatistieken

Staat% Correct
Florida
76%
Hawaï
69%
Georgia
67%
Utah
61%
Rhode Island
60%
Delaware
49%
Louisiana
48%
Pennsylvania
48%

Scoreverdeling

Percentiel versus Aantal Correcte Antwoorden

Procent van Mensen met Elke Score

Uw Scoregeschiedenis

U heeft deze quiz nog niet genomen